Delitos de infraccin̤ de deber

Bibliographic Details
Main Author: Figueroa Ortega, Yvǹ
Format: Unknown
Language:Spanish
Published: Madrid : Dykinson, 2008
Subjects:
Online Access:Acceso restringido

MARC

LEADER 00000ny a22000003n 4500
005 20110519100831.0
006 m u
007 cr cn|||||||||
008 200903r2008 sp |||||s|||||||||||spa d
020 |a 9788498492668 
035 |a 2725 
040 |a FlNmELB  |c FlNmELB  |d vLex 
080 |a 343.222.7 
090 |c 24  |d 24 
100 1 |a Figueroa Ortega, Yvǹ 
245 1 0 |a Delitos de infraccin̤ de deber  |h [Recurso electrn̤ico]  |c Yvǹ Figueroa Ortega 
256 |a Servicio en ln̕ea 
260 |a Madrid :  |b Dykinson,  |c 2008 
300 |a 310 p. 
506 1 |a Contenido solo disponible en los productos indicados  |d vLex Global  |d vLex Global (Academic Edition, excluding Law Schools)  |d vLex Global (U.S. Academic Edition, Law Schools)  |d vLex Global (U.S. Academic Edition, excluding Law Schools)  |d vLex Global (Academic Edition, Law Schools) 
650 0 7 |a Responsabilidad penal  |2 Tesauro vLex 
650 0 7 |a Penal  |2 Tesauro vLex 
650 0 7 |a Delitos  |2 Tesauro vLex 
740 0 |a vLex Libros (Servicios en ln̕ea) 
856 4 0 |u http://vlex.com/source/2725  |z Acceso restringido 
942 |c BOOK 
999 0 |a Criminal liability  |b Espaą